Desaparición de personas y presunción de muerte en el derecho civil chileno

Збережено в:
Бібліографічні деталі
Автор: Corral Talciani, Hernán Felipe (Автор)
Формат: Книга
Мова:Іспанська
Опубліковано: Santiago Jurídica de Chile 2000
Предмети:
Теги: Додати тег
Немає тегів, Будьте першим, хто поставить тег для цього запису!

MARC

LEADER 00000nam a2200000 a 4500
001 UCO8584
003 CL-VaPUC
008 001215e20000000CL |||||||||||||||||spa|d
082 0 4 |a 346.012  |b COR  |2 21 
100 0 |a Corral Talciani, Hernán Felipe  |e author  |9 453520 
245 1 0 |a Desaparición de personas y presunción de muerte en el derecho civil chileno 
300 |a 549 p 
942 |c BK 
945 |d 20001215 00:00:00  |a vberengu 
260 |a Santiago  |b Jurídica de Chile  |c 2000 
650 7 |a MUERTE PRESUNTA  |2 CL-VaPUC  |9 386149 
650 7 |a PERSONA  |2 CL-VaPUC  |9 327934 
650 7 |a PRESUNCION LEGAL  |2 CL-VaPUC  |9 360443 
583 |a last modification  |c 20001215 00:00:00  |k Rodrigo Vera 
999 |c 293161  |d 293159 
952 |0 0  |1 0  |4 0  |6 346_012000000000000_COR_2000  |7 0  |8 A  |9 344467  |a BIBDER  |b BIBDER  |d 2019-11-20  |i 3676366  |o 346.012 COR 2000  |p 3676366  |r 2023-01-25  |w 2019-11-20  |y BK  |k DER